| 000 | 00610nam a2200217 a 4500 | ||
|---|---|---|---|
| 008 | |||
| 020 | _a1899066055(hbk.) | ||
| 049 | _aMAIN | ||
| 090 |
_aRJ47 _bGUE |
||
| 100 | 1 | _aGuelrud, M. | |
| 245 | 1 | 0 |
_aERCP in Pediatric Practice : _bdiagnosis and treatment/ _cM.Guelrud |
| 260 |
_aUnited Kingdom : _bIsis Medical Media, _c1997 |
||
| 300 |
_ax,150 p. : _bill. ; _c28 cm. |
||
| 500 | _aIncludes index. | ||
| 650 | 1 | _aPediatric | |
| 907 |
_a.b10195580 _b29-01-14 _c13-03-06 |
||
| 003 | |||
| 005 | 20230120203948.0 | ||
| 040 | _cNUST | ||
| 942 |
_cBOOKS _kRJ47 _mGUE |
||
| 999 |
_c114670 _d114670 |
||